000 00655nam a2200241 i 4500
001 C2-0283582
003 PPAK
005 20180728013600.0
008 071121s2007 my |||| ||||| | may d
020 _a9833730278
040 _aPPAK
_beng
_cPPAK
_erda
082 0 4 _a899.231
_223
090 0 0 _a899.231
_bMOH
_dG
100 0 _aMohd Rosli Saludin,
_eauthor
245 1 0 _aAnjung teromba
264 1 _aBukit Mertajam, Pulau Pinang :
_bGoal Intelligent Publishing ,
_c2007
300 _a237 pages ;
_c23 cm
336 _2rdacontent
_atext
337 _2rdamedia
_aunmediated
338 _2rdacarrier
_avolume
650 1 0 _aMalay poetry
942 _ddc
_cB
999 _c89606
_d89606